| 000 | 00626nam a2200193 a 4500 | ||
|---|---|---|---|
| 008 | 120416s2000 ||||||||||||||||| || u | ||
| 020 | _a0748408177 | ||
| 050 | _aQR 251 Che | ||
| 100 | _aChernin, Jack | ||
| 245 | 1 | 0 | _aParasitology |
| 260 |
_aNew York : _bTaylor & Francis _c2000. |
||
| 300 | _aviii, 138p. : ill. | ||
| 350 | _a0.00 | ||
| 500 | _aBibliography. | ||
| 650 | _aMEDICAL PARASITOLOGY | ||
| 650 | _aPARASITES | ||
| 650 | _aPARASITOLOGY | ||
| 995 |
_D0.00 _FCBU-MAIN LIBRARY (Kitwe) _H1 _I13.99 _M1 _UAVAILABLE _WJun 26, 2006 _ZMain Library Open Access Collection |
||
| 999 |
_c53114 _d53114 |
||